|
|
|
|
| LEADER |
00000nam0a2200000 4500 |
| 001 |
110319 |
| 005 |
20231101214928.0 |
| 035 |
|
|
|a (RuTPU)RU\TPU\book\119143
|
| 090 |
|
|
|a 110319
|
| 100 |
|
|
|a 20070221d1986 k y0rusy50 ca
|
| 101 |
0 |
|
|a rus
|
| 102 |
|
|
|a TJ
|
| 105 |
|
|
|a a z 001zy
|
| 200 |
1 |
|
|a Полиядерные координационные соединения
|e сборник научных трудов
|f Таджикский государственный университет
|
| 210 |
|
|
|a Душанбе
|c Тад. гос. ун-т им. В.И. Ленина
|d 1986
|
| 215 |
|
|
|a 118 с.
|c ил.
|
| 320 |
|
|
|a Библиогр. в конце ст.
|
| 606 |
1 |
|
|a Комплексные соединения
|2 stltpush
|3 (RuTPU)RU\TPU\subj\15019
|9 41320
|
| 610 |
1 |
|
|a химия
|
| 610 |
1 |
|
|a координационные соединения
|
| 610 |
1 |
|
|a ЭПР
|
| 610 |
1 |
|
|a ЯМ-релаксация
|
| 610 |
1 |
|
|a электронная спектроскопия
|
| 610 |
1 |
|
|a термический анализ
|
| 610 |
1 |
|
|a полярография
|
| 675 |
|
|
|a 546-386
|v 3
|
| 712 |
0 |
2 |
|a Таджикский государственный университет им. В. И. Ленина
|2 stltpush
|3 (RuTPU)RU\TPU\col\12430
|
| 801 |
|
1 |
|a RU
|b 63413507
|c 20070221
|g PSBO
|
| 801 |
|
2 |
|a RU
|b 63413507
|c 20151203
|g PSBO
|
| 942 |
|
|
|c BK
|